000 00611cam a22002053a 4500
001 39111
003 PGUSA
005 20140828083851.0
008 120312s2012||||xxu|||||s|||||000 | eng d
040 _aPGUSA
_beng
042 _adc
100 1 _aFarjeon, B. L.
_q(Benjamin Leopold),
_d1833-1903
245 1 0 _aMiser Farebrother :
_bA Novel (vol 1 of 3)
_h[electronic resource] /
_cB. L. Farjeon
260 _bProject Gutenberg,
_c2012
506 _aPublic domain in the USA.
516 _aElectronic text
830 0 _aProject Gutenberg
_v39111
856 4 0 _uhttp://www.gutenberg.org/ebooks/39111
942 _cEB
999 _c268364
_d268364